[Event "Regionalliga SW 1213"]
[Site "Bayern"]
[Date "2013.04.14"]
[Round "9.8"]
[White "Sajka, Mariusz"]
[Black "Schmiderer, Erwin"]
[Result "1-0"]
[WhiteElo "2141"]
[BlackElo "1557"]
[PlyCount "48"]
[EventDate "2012.10.14"]
[EventType "team-tourn"]
[EventRounds "9"]
[EventCountry "GER"]
[SourceTitle "EXT 2015"]
[Source "ChessBase"]
[SourceDate "2014.11.20"]
[SourceVersion "1"]
[SourceVersionDate "2014.11.20"]
[SourceQuality "1"]
[WhiteTeam "Garching II"]
[BlackTeam "Kaufbeuren"]
[WhiteTeamCountry "GER"]
[BlackTeamCountry "GER"]

1. d4 Nf6 2. c4 e6 3. g3 d5 4. Nf3 Nbd7 5. Bg2 c6 6. Qc2 Bd6 7. Nbd2 0-0 8. 0-0 e5 9. cxd5 Nxd5 10. Nc4 Qc7 11. e4 Ne7 12. Rd1 exd4 13. Nxd4 Be5 14. h3 Ng6 15. Nf5 Nb6 16. Nce3 Ne7 17. f4 Nxf5 18. exf5 Bf6 19. Ng4 Qe7 20. Be3 Re8 21. Bc5 Qe2 22. Qxe2 Rxe2 23. Nxf6+ gxf6 24. Rd8+ Kg7 1-0